[Event "8th Holuj-Radzikowska Rapid 2018"]
[Site "Wroclaw"]
[Date "2018.12.10"]
[Round "2"]
[White "Abdumalik, Zhansaya"]
[Black "Socko, Monika"]
[Result "1/2-1/2"]
[WhiteElo "2470"]
[BlackElo "2458"]
[Annotator "ChessBase"]
[PlyCount "105"]
[EventDate "2018.11.26"]
[EventType "schev"]
[EventCountry "POL"]
[SourceTitle "playchess.com"]
[Source "ChessBase"]
[SourceQuality "1"]
[WhiteTeam "World"]
[BlackTeam "Poland"]
[BlackTeamCountry "POL"]
[TimeControl "900+10"]

1. e4 {[%emt 0:00:00]} c6 {[%emt 0:00:00]} 2. d4 {[%emt 0:00:00]} d5 {[%emt 0:00:00]} 3. Nd2 {[%emt 0:00:00]} dxe4 {[%emt 0:00:00]} 4. Nxe4 {[%emt 0:00:00]} Nd7 {[%emt 0:00:00]} 5. Nf3 {[%emt 0:00:05]} Ngf6 {[%emt 0:00:00]} 6. Ng3 {[%emt 0:00:01]} e6 {[%emt 0:00:01]} 7. Bd3 {[%emt 0:00:11]} c5 {[%emt 0:00:02]} 8. c3 {[%emt 0:00:45]} Be7 {[%emt 0:00:23]} 9. O-O {[%emt 0:00:04]} Qc7 {[%emt 0:00:14]} 10. Qe2 {[%emt 0:00:09]} O-O {[%emt 0:00:20]} 11. Re1 {[%emt 0:01:12]} b6 {[%emt 0:00:41]} 12. Ne5 {[%emt 0:01:48]} Bb7 {[%emt 0:00:51]} 13. h4 {[%emt 0:00:46]} Rad8 {[%emt 0:00:55]} 14. h5 {[%emt 0:00:37]} cxd4 {[%emt 0:02:25]} 15. cxd4 {[%emt 0:00:08]} Nxe5 {[%emt 0:00:17]} 16. dxe5 {[%emt 0:00:39]} Qc6 {[%emt 0:00:25]} 17. f3 {[%emt 0:03:19]} Bc5+ {[%emt 0:00:03]} 18. Be3 {[%emt 0:01:57]} Ng4 {[%emt 0:03:42]} 19. Be4 {[%emt 0:00:12]} Bxe3+ {[%emt 0:00:26]} 20. Qxe3 {[%emt 0:00:01]} Nxe3 {[%emt 0:00:09]} 21. Bxc6 {[%emt 0:00:01]} Bxc6 {[%emt 0:00:02]} 22. Rxe3 {[%emt 0:00:01]} Rd2 {[%emt 0:00:02]} 23. Re2 {[%emt 0:00:30]} Rfd8 {[%emt 0:00:11]} 24. Rxd2 {[%emt 0:00:42]} Rxd2 {[%emt 0:00:01]} 25. Rc1 {[%emt 0:00:01]} Be8 {[%emt 0:01:31]} 26. Ne4 {[%emt 0:02:05]} Rd8 {[%emt 0:00:02]} 27. Rc7 {[%emt 0:00:19]} a5 {[%emt 0:00:23]} 28. Nd6 {[%emt 0:00:13]} f6 {[%emt 0:01:43]} 29. Nxe8 {[%emt 0:00:02]} Rxe8 {[%emt 0:00:01]} 30. Rb7 {[%emt 0:00:01]} fxe5 {[%emt 0:00:23]} 31. Rxb6 {[%emt 0:00:02]} Kf7 {[%emt 0:00:01]} 32. Rb5 {[%emt 0:00:30]} a4 {[%emt 0:00:00]} 33. Rxe5 {[%emt 0:00:05]} Rb8 {[%emt 0:00:02]} 34. Re2 {[%emt 0:00:24]} Kf6 {[%emt 0:00:08]} 35. Kf2 {[%emt 0:00:03]} Rb4 {[%emt 0:00:44]} 36. g4 {[%emt 0:00:34]} g6 {[%emt 0:00:02]} 37. hxg6 {[%emt 0:00:21]} hxg6 {[%emt 0:00:01]} 38. Kg3 {[%emt 0:00:04]} g5 {[%emt 0:00:15]} 39. Kf2 {[%emt 0:00:30]} e5 {[%emt 0:00:32]} 40. Ke3 {[%emt 0:00:08]} Ke6 {[%emt 0:00:01]} 41. Rd2 {[%emt 0:00:06]} Rb8 {[%emt 0:00:29]} 42. a3 {[%emt 0:00:46]} Rc8 {[%emt 0:00:48]} 43. Kd3 {[%emt 0:00:49]} Rc1 {[%emt 0:00:36]} 44. Rc2 {[%emt 0:00:19]} Rf1 {[%emt 0:00:04]} 45. Ke3 {[%emt 0:00:13]} Re1+ {[%emt 0:00:16]} 46. Re2 {[%emt 0:00:32]} Rd1 {[%emt 0:00:06]} 47. Ke4 {[%emt 0:00:05]} Rd4+ {[%emt 0:00:02]} 48. Ke3 {[%emt 0:00:01]} Rd1 {[%emt 0:00:01]} 49. Rc2 {[%emt 0:00:01]} Re1+ {[%emt 0:00:01]} 50. Kf2 {[%emt 0:00:11]} Rb1 {[%emt 0:00:27]} 51. Rd2 {[%emt 0:00:14]} Ke7 {[%emt 0:00:12]} 52. Ke3 {[%emt 0:00:19]} Ke6 {[%emt 0:00:01]} 53. Rc2 {[%emt 0:00:15]} 1/2-1/2

[Event "8th Holuj-Radzikowska Rapid 2018"]
[Site "Wroclaw"]
[Date "2018.12.10"]
[Round "2"]
[White "Javakhishvili, Lela"]
[Black "Szczepkowska, Karina"]
[Result "0-1"]
[WhiteElo "2464"]
[BlackElo "2408"]
[Annotator "TA"]
[PlyCount "108"]
[EventDate "2018.11.26"]
[EventType "schev"]
[EventCountry "POL"]
[SourceTitle "playchess.com"]
[Source "ChessBase"]
[SourceQuality "1"]
[WhiteTeam "World"]
[BlackTeam "Poland"]
[BlackTeamCountry "POL"]

{[%evp 14,108,26,16,36,2,15,0,0,-12,-13,-3,58,41,42,-80,-88,-175,-47,-41,-33,-60,-62,-60,-50,-52,-53,-70,-28,-139,-124,-145,-118,-178,-176,-169,-174,-162,-173,-172,-171,-235,-237,-338,-337,-357,-260,-365,-267,-295,-295,-322,-309,-376,-376,-411,-417,-434,-426,-472,-460,-441,-357,-357,-356,-348,-351,-320,-305,-277,0,-251,-190,-190,-190,-190,-118,-67,-129,-476,-472,-454,-416,-515,-515,-515,-371,-581,-563,-468,0,-565,-524,-29996,-29997,-29997,-29997]} 1. d4 Nf6 2. c4 e6 3. Nf3 a6 4. g3 b5 5. b3 Bb7 6. Bg2 {E10: Blumenfeld Gambit} Bb4+ (6... c5 7. d5 exd5 8. Nh4 Ne4 9. cxd5 Qf6 10. Bxe4 Qxa1 11. Qc2 d6 12. O-O {1-0 (56) Salem,A (2638)-Khismatullin,D (2632) Riadh 2017}) 7. Bd2 Be7 8. O-O {LiveBook: 3 Games. White has an edge.} O-O 9. Qc2 d6 $146 ({Predecessor:} 9... Be4 10. Qc1 bxc4 11. Qxc4 d5 12. Qc1 {1-0 (28) De Ruyter,L-De Mie,M (2130) Dieren 1998}) 10. Rd1 Nbd7 11. Ba5 Qc8 12. Nc3 bxc4 (12... c5 $11) 13. bxc4 $14 Nb6 14. Rab1 (14. Qd3 $14) 14... Nxc4 $17 15. Rxb7 (15. Qa4 $17 Nxa5 16. Qxa5) 15... Nxa5 (15... Qxb7 $19 16. Nd2 Qb2 17. Qxb2 Nxb2) 16. Rbb1 $15 Nc4 17. Qd3 d5 18. e4 c6 $1 19. Rdc1 Ba3 20. Rc2 Qc7 21. e5 {[#]} (21. Nd1 $11 {remains equal.}) 21... Nd7 $1 $17 22. Ng5 {[%csl Gg5][%cal Rd3h7]} g6 {Hoping for ...Be7.} 23. Nce4 {[#]} (23. Bh3 $17) 23... Be7 $1 $19 24. Rxc4 dxc4 25. Qxc4 Nb6 26. Qe2 Nd5 {And now ...Bxg5 would win.} 27. Qg4 (27. Rc1 $142) 27... h6 28. Nf3 (28. Nh3 $142) 28... Rab8 29. Rc1 Rb2 30. Nh4 (30. Bf1 {is a better defense.}) 30... Kh7 31. Bf1 Rxa2 32. Bd3 {With the idea Nxg6!} Bxh4 33. Qxh4 Qe7 34. Qg4 Qa3 35. Rd1 Ra1 36. Rxa1 Qxa1+ {[%mdl 64] Double Attack} 37. Kg2 Kg7 38. Nc5 {Nxe6+! is the strong threat.} Re8 39. Bxa6 Qb2 {Threatens to win with ...Ne3+.} 40. Qe4 Ne7 41. Bc4 Nd5 $2 (41... Qc3 $19 42. Bd3 Ra8) 42. h4 $2 {[%mdl 8192]} (42. Ba6 $1 $11) 42... h5 43. Bxd5 cxd5 {[%mdl 4096] Endgame KQR-KQN} ({Don't play} 43... exd5 44. Qf4 $15) 44. Qf4 Qb5 ({Black should play} 44... Qe2 $19 45. Nb7 Qe4+ 46. Qxe4 dxe4) 45. Qf6+ $17 Kg8 46. g4 $2 {[%mdl 8192]} (46. Qg5 $17 {was the crucial defense.}) 46... Qe2 $19 47. gxh5 Qxh5 48. Nd7 Qg4+ {[%mdl 64] Double Attack} 49. Kh2 Ra8 50. Qe7 (50. Qg5 $142 Qxg5 51. hxg5) 50... Qf4+ 51. Kg2 Qg4+ 52. Kh2 {aiming for Nf6+.} Qxd4 53. h5 Qxf2+ 54. Kh3 Qf3+ {Accuracy: White = 25%, Black = 63%.} 0-1

[Event "8th Holuj-Radzikowska Rapid 2018"]
[Site "Wroclaw"]
[Date "2018.12.10"]
[Round "2"]
[White "Kulon, Klaudia"]
[Black "Paehtz, Elisabeth"]
[Result "0-1"]
[WhiteElo "2333"]
[BlackElo "2487"]
[Annotator "TA"]
[PlyCount "132"]
[EventDate "2018.11.26"]
[EventType "schev"]
[EventCountry "POL"]
[SourceTitle "playchess.com"]
[Source "ChessBase"]
[SourceQuality "1"]
[WhiteTeam "Poland"]
[BlackTeam "World"]
[WhiteTeamCountry "POL"]

{[%evp 14,132,3,5,28,29,21,20,21,16,24,30,30,29,31,9,39,0,0,0,0,0,0,0,0,-33,-34,-84,-37,-38,-43,-67,-67,-67,-67,-67,-11,-63,-63,-65,-66,-119,-110,-119,-100,-128,-116,-404,-404,-393,-387,-439,-439,-425,-392,-354,-268,-264,-249,-274,-228,-240,-153,-328,-125,-147,0,-120,-55,-40,0,0,0,-25,-27,-27,-27,-25,-31,-18,0,0,0,0,0,0,0,0,0,0,8,0,33,0,0,0,0,0,8,0,16,0,0,0,0,0,0,0,0,0,0,0,0,0,0,0,0,-29970,0,-29996,-29997]} 1. c4 g6 2. g3 Bg7 3. Bg2 d6 4. Nc3 e5 5. e3 f5 6. Nge2 Nf6 7. d3 {[%cal Bd2d3,Bd3d4][%mdl 32]} O-O 8. b4 {LiveBook: 14 Games. A21: English Opening: 1...e5 2 Nc3} (8. O-O c6 9. f4 Be6 10. h3 Kh8 11. Kh2 Na6 12. b3 Bg8 13. Bb2 Qe7 14. Qd2 Rae8 15. Rae1 h5 16. Ng1 Nc5 17. Nf3 {1-0 (52) Rakhmanov,A (2634)-Matlakov,M (2683) Sochi 2018}) 8... a5 9. b5 Nbd7 10. O-O {The position is equal.} Rb8 (10... Nc5 11. Rb1 Rb8 12. d4 Ne6 13. Bb2 e4 14. a4 Qe8 15. Nf4 Nxf4 16. exf4 {½-½ (48) Kulon,K (2326)-Paehtz,E (2468) Tbilisi 2018}) 11. Rb1 Kh8 $146 ({Predecessor:} 11... g5 12. f4 gxf4 13. exf4 Re8 14. fxe5 Nxe5 {½-½ (24) Nachev,S (2418)-Potapov,P (2406) Salekhard 2006}) 12. d4 b6 13. Ba3 Bb7 14. Nd5 Ne4 15. f3 Nef6 $1 {[%cal Be4f6,Bf6g4,Bg4e3][%mdl 32]} 16. e4 fxe4 17. fxe4 Bxd5 18. cxd5 Ng4 19. Qd3 Qg5 20. h3 Qe3+ 21. Qxe3 Nxe3 22. Rxf8+ Rxf8 23. Bb2 Nc4 24. Ba1 exd4 (24... Na3 $15 25. Rc1 Nxb5 26. dxe5 Bxe5) 25. Bxd4 (25. Nxd4 $11 Rc8 26. Ne6 Bxa1 27. Rxa1) 25... Nc5 $15 26. Rc1 Ne5 27. Bxc5 (27. Be3 $15) 27... bxc5 $17 28. Nf4 Bh6 29. Rf1 c4 30. Rb1 $2 {[%mdl 8192]} (30. Rf2 $17) 30... Bxf4 $19 31. gxf4 Rxf4 {[%mdl 4096] Endgame KRB-KRN} 32. b6 cxb6 33. Rxb6 Rf8 34. Rb2 Rc8 35. Bf1 a4 {[%cal Ba5a4,Ba4a3][%mdl 32]} 36. Kf2 a3 37. Rc2 Rf8+ 38. Ke2 $2 (38. Kg2 $17) 38... Rb8 $2 (38... Kg7 $19 39. Rc3 Kh6 40. Rxa3 Nd3) 39. Kd2 $17 Rf8 ({Better is} 39... Rb4 $17 40. Rc3 Rb2+ {[%mdl 64] Double Attack} 41. Rc2 Rxc2+ 42. Kxc2 Kg7) 40. Be2 (40. Ke2 $11 {keeps the balance.}) 40... Rf4 (40... Kg7 $17) 41. Ke3 $15 g5 42. Rc3 $1 Rh4 43. Bf1 g4 44. hxg4 Rxg4 45. Kd4 Rg1 46. Bxc4 Rd1+ 47. Ke3 $1 h5 48. Be2 Rh1 49. Kf2 Rh2+ 50. Kf1 Rh4 51. Rxa3 Rxe4 52. Bxh5 Rd4 53. Ra5 Kg7 54. Ke2 Rh4 {[#] ...Rh2+ is the strong threat.} 55. Be8 Kf6 56. Ra7 Nc4 57. a4 Ke5 58. Bc6 Ke4 59. Kf2 Rf4+ 60. Ke2 {Strongly threatening a5.} Rh4 61. Re7+ Ne5 62. Re6 Rh2+ 63. Kf1 Ke3 64. Kg1 Rd2 65. Kh1 $2 {[%mdl 8192] [#]} (65. a5 $11 Kd4 66. Rf6 (66. Rxd6 Nf3+ 67. Kf1 Nh2+ 68. Kg1 Nf3+ 69. Kf1 Nh2+ 70. Kg1 Nf3+ $11)) 65... Kf4 $2 (65... Kf3 $1 {mates} 66. Rf6+ Kg3 67. Bb5 Ng4 68. Rf5 Rh2+ 69. Kg1 Rg2+ 70. Kh1 Nf2+ 71. Rxf2 Kxf2 72. Bd7 Kg3 73. Bb5 Ra2 74. Kg1 Ra1+ 75. Bf1 Rxa4 76. Kh1 Ra1 77. Kg1 Rd1 78. Kh1 Rxf1#) 66. Rxd6 $2 {[%mdl 8192]} (66. Kg1 $11) 66... Kg3 {Accuracy: White = 39%, Black = 57%.} 0-1

[Event "8th Holuj-Radzikowska Rapid 2018"]
[Site "Wroclaw"]
[Date "2018.12.10"]
[Round "2"]
[White "Warakomska, Anna"]
[Black "Skripchenko, Almira"]
[Result "1-0"]
[WhiteElo "2233"]
[BlackElo "2408"]
[Annotator "ChessBase"]
[PlyCount "109"]
[EventDate "2018.11.26"]
[EventType "schev"]
[EventCountry "POL"]
[SourceTitle "playchess.com"]
[Source "ChessBase"]
[SourceQuality "1"]
[WhiteTeam "Poland"]
[BlackTeam "World"]
[WhiteTeamCountry "POL"]
[TimeControl "900+10"]

1. e4 {[%emt 0:00:00]} e5 {[%emt 0:00:00]} 2. Nf3 {[%emt 0:00:00]} Nc6 {[%emt 0:00:00]} 3. Bc4 {[%emt 0:00:00]} Nf6 {[%emt 0:00:00]} 4. d3 {[%emt 0:00:00]} Be7 {[%emt 0:00:00]} 5. O-O {[%emt 0:00:00]} O-O {[%emt 0:00:00]} 6. Re1 {[%emt 0:00:01]} d6 {[%emt 0:00:01]} 7. a4 {[%emt 0:00:02]} Na5 {[%emt 0:00:14]} 8. Ba2 {[%emt 0:00:01]} c5 {[%emt 0:00:01]} 9. Na3 {[%emt 0:02:22]} Nc6 {[%emt 0:00:08]} 10. c3 {[%emt 0:00:18]} a6 {[%emt 0:01:00]} 11. Nc2 {[%emt 0:01:27]} Bg4 {[%emt 0:01:39]} 12. Ne3 {[%emt 0:04:34]} Bh5 {[%emt 0:00:02]} 13. Bd2 {[%emt 0:00:49]} Nd7 {[%emt 0:01:01]} 14. Nf5 {[%emt 0:00:53]} Bg6 {[%emt 0:00:27]} 15. Ne3 {[%emt 0:01:03]} Kh8 {[%emt 0:01:55]} 16. b4 {[%emt 0:00:53]} cxb4 {[%emt 0:00:15]} 17. cxb4 {[%emt 0:00:01]} Bh5 {[%emt 0:01:32]} 18. Nf5 {[%emt 0:00:37]} Nb6 {[%emt 0:01:35]} 19. b5 {[%emt 0:01:20]} axb5 {[%emt 0:00:05]} 20. axb5 {[%emt 0:00:02]} Nb8 {[%emt 0:00:02]} 21. Be3 {[%emt 0:00:09]} N8d7 {[%emt 0:00:12]} 22. Ng3 {[%emt 0:00:24]} Bg6 {[%emt 0:00:05]} 23. d4 {[%emt 0:00:12]} Bf6 {[%emt 0:00:19]} 24. Bb3 {[%emt 0:00:43]} h6 {[%emt 0:01:42]} 25. Rxa8 {[%emt 0:00:43]} Qxa8 {[%emt 0:00:08]} 26. dxe5 {[%emt 0:00:03]} dxe5 {[%emt 0:00:04]} 27. Qd6 {[%emt 0:00:22]} Qd8 {[%emt 0:01:33]} 28. Rd1 {[%emt 0:00:03]} Re8 {[%emt 0:01:22]} 29. Bxb6 {[%emt 0:00:30]} Nxb6 {[%emt 0:00:01]} 30. Qxd8 {[%emt 0:00:01]} Bxd8 {[%emt 0:00:22]} 31. h4 {[%emt 0:00:51]} h5 {[%emt 0:01:43]} 32. Nxe5 {[%emt 0:00:37]} Rxe5 {[%emt 0:00:01]} 33. Rxd8+ {[%emt 0:00:01]} Kh7 {[%emt 0:00:01]} 34. Bd5 {[%emt 0:00:15]} Nxd5 {[%emt 0:00:23]} 35. Rxd5 {[%emt 0:00:11]} Re7 {[%emt 0:00:07]} 36. f3 {[%emt 0:00:05]} Kh6 {[%emt 0:01:03]} 37. Kf2 {[%emt 0:00:06]} Rc7 {[%emt 0:00:15]} 38. Ke3 {[%emt 0:00:21]} f6 {[%emt 0:00:37]} 39. Nf5+ {[%emt 0:00:55]} Kh7 {[%emt 0:01:01]} 40. Nd6 {[%emt 0:00:06]} b6 {[%emt 0:00:06]} 41. g4 {[%emt 0:00:20]} Kh6 {[%emt 0:00:31]} 42. g5+ {[%emt 0:00:24]} fxg5 {[%emt 0:00:03]} 43. hxg5+ {[%emt 0:00:07]} Kh7 {[%emt 0:00:04]} 44. f4 {[%emt 0:00:02]} h4 {[%emt 0:00:06]} 45. f5 {[%emt 0:00:03]} Bh5 {[%emt 0:00:13]} 46. g6+ {[%emt 0:00:04]} Bxg6 {[%emt 0:00:09]} 47. fxg6+ {[%emt 0:00:01]} Kxg6 {[%emt 0:00:01]} 48. Nf5 {[%emt 0:00:04]} h3 {[%emt 0:00:02]} 49. Rd2 {[%emt 0:00:17]} Kg5 {[%emt 0:00:06]} 50. Nd4 {[%emt 0:00:10]} Kh4 {[%emt 0:00:11]} 51. e5 {[%emt 0:00:11]} g5 {[%emt 0:00:07]} 52. e6 {[%emt 0:00:07]} g4 {[%emt 0:00:01]} 53. Kf4 {[%emt 0:00:05]} Kh5 {[%emt 0:00:22]} 54. Re2 {[%emt 0:00:08]} Kg6 {[%emt 0:00:45]} 55. e7 {[%emt 0:00:02]} 1-0

[Event "8th Holuj-Radzikowska Rapid 2018"]
[Site "Wroclaw"]
[Date "2018.12.10"]
[Round "3"]
[White "Paehtz, Elisabeth"]
[Black "Zawadzka, Jolanta"]
[Result "0-1"]
[WhiteElo "2487"]
[BlackElo "2423"]
[Annotator "TA"]
[PlyCount "76"]
[EventDate "2018.11.26"]
[EventType "schev"]
[EventCountry "POL"]
[SourceTitle "playchess.com"]
[Source "ChessBase"]
[SourceQuality "1"]
[WhiteTeam "World"]
[BlackTeam "Poland"]
[BlackTeamCountry "POL"]

{[%evp 16,76,0,-11,36,-20,0,-14,-22,-11,0,-117,-66,-125,-120,-147,-136,-203,-203,-199,-199,-196,-197,-198,-185,-181,-193,-560,-559,-556,-547,-687,-552,-690,-685,-687,-695,-672,-685,-770,-770,-770,-756,-755,-744,-1005,-978,-29977,-29978,-29978,-1635,-6203,-6815,-6815,-784,-6765,-6187,-29982,-29983,-29988,-29971,-29987,-1891]} 1. d4 d5 2. Bf4 c5 3. e3 Nc6 4. Nf3 Nf6 5. Nbd2 Qb6 6. dxc5 {D02: 1 d4 d5 2 Nf3 sidelines, including 2...Nf6 3 g3 and 2...Nf6 3 Bf4} Qxb2 7. Rb1 Qc3 8. Bb5 e6 9. O-O {LiveBook: 30 Games} Bd7 10. Nb3 (10. Be2 $14) 10... Be7 11. a4 $146 ({Predecessor:} 11. Nfd4 Nxd4 12. Nxd4 Qxc5 13. Bxd7+ Nxd7 14. Rxb7 {1-0 (22) Wei,Y (2739)-Deac,B (2566) Medias 2017}) 11... O-O 12. Nfd4 Ne4 ({Wrong is} 12... Bxc5 $2 13. Ne2 $18) 13. Bc7 (13. Bd3 $11 {remains equal.} Nxd4 14. exd4) 13... Nxc5 (13... Nxd4 $17 14. exd4 Bxb5 15. axb5 b6 $1 {[%mdl 512]}) 14. Nxc5 ({Better is} 14. Ne2 $15 Qf6 15. Nxc5 Bxc5 16. c4) 14... Qxc5 $17 15. Nb3 Qc3 16. e4 (16. Bg3 $17 {was necessary.}) 16... Nb4 $1 $19 17. Ba5 Bxb5 18. axb5 dxe4 19. Qd7 {[#]} b6 $1 20. Qxe7 bxa5 21. Nxa5 $2 (21. Qc5 Qxc5 22. Nxc5) 21... Nd5 {[%mdl 64] Discovered Attack} 22. Qh4 Qxa5 23. c4 Nf6 24. g4 h6 25. g5 hxg5 26. Qxg5 Rfd8 27. Rb3 Rd3 28. Rbb1 Rc8 29. Kh1 Qd2 30. Qh4 Qe2 31. Rg1 Qf3+ 32. Rg2 Rxc4 (32... Rd1+ $142 33. Rxd1 Qxd1+ 34. Rg1 Qf3+ 35. Rg2 Rxc4 36. Qg5 g6 37. Qe3 Ng4 38. Qxf3 exf3 39. h4 fxg2+ 40. Kxg2 Rb4 41. Kf3 Nf6 42. Ke3 Rxb5 43. f4 a5 44. Kd3 a4 45. h5 Nxh5 46. Kc4 Rb1 47. Kc3 a3 48. f5 gxf5 49. Kd3 a2 50. Kc2 a1=Q 51. Kd3 Rb3+ 52. Ke2 Qa2+ 53. Kf1 Rb1#) 33. Qg5 Rd1+ 34. Rxd1 Qxd1+ 35. Rg1 Qf3+ {[%mdl 64] Double Attack} 36. Rg2 g6 {Black mates.} 37. h4 Rd4 38. Kh2 {[#]} Rd5 {Accuracy: White = 25%, Black = 69%.} (38... e3 $142 $1 39. fxe3 Ng4+ 40. Qxg4 Rxg4 41. Rxg4 Qxg4 42. Kh1 Qg3 43. e4 Kg7 44. b6 axb6 45. h5 gxh5 46. e5 Qf3+ 47. Kg1 h4 48. Kh2 h3 49. Kg1 Qg2#) 0-1

[Event "8th Holuj-Radzikowska Rapid 2018"]
[Site "Wroclaw"]
[Date "2018.12.10"]
[Round "3"]
[White "Socko, Monika"]
[Black "Javakhishvili, Lela"]
[Result "0-1"]
[WhiteElo "2458"]
[BlackElo "2464"]
[Annotator "TA"]
[PlyCount "62"]
[EventDate "2018.11.26"]
[EventType "schev"]
[EventCountry "POL"]
[SourceTitle "playchess.com"]
[Source "ChessBase"]
[SourceQuality "1"]
[WhiteTeam "Poland"]
[BlackTeam "World"]
[WhiteTeamCountry "POL"]

{[%evp 11,62,5,6,-51,-51,-56,-46,-105,-61,-71,-18,-108,-106,-95,-100,-128,-114,-132,-128,-125,-122,-122,-131,-131,-122,-208,-212,-199,-139,-155,-149,-165,-150,-162,-161,-157,-129,-207,-228,-785,-802,-981,-964,-1564,-1541,-1293,-445,-1964,-1804,-2159,-2157,-29997,-29998]} 1. d4 Nf6 2. c4 e6 3. Nf3 b6 4. a3 Bb7 5. Nc3 d5 6. Bf4 Bd6 {LiveBook: 27 Games. E12: Queen's Indian: Unusual White 4th moves, 4 a3, 4 Nc3 Bb7 5 a3 and 4 Nc3 Bb7} 7. e3 (7. Bxd6 $11 cxd6 8. e3) (7. Bxd6 Qxd6 8. cxd5 Nxd5 9. Nb5 Qd8 10. e4 Ne7 11. Qc2 c6 12. Nc3 O-O 13. Rd1 Nd7 14. Be2 {½-½ (41) Roiz,M (2604)-Navara,D (2726) Antalya 2017}) 7... Bxf4 $15 8. exf4 O-O {Black is slightly better.} 9. Qd2 $146 ({White should play} 9. c5 $15) ({Predecessor:} 9. cxd5 Nxd5 10. g3 Nxc3 11. bxc3 c5 12. Bg2 cxd4 {½-½ (12) Gunkel,W (2285)-Panyushkin,B (2264) ICCF email 2011}) 9... Nc6 10. Rd1 Na5 (10... dxc4 $17 {Threatening ...Na5.} 11. Bxc4 Ne7) 11. c5 (11. cxd5 $1 $11 {remains equal.} Nxd5 12. Nxd5 Bxd5 13. Be2) 11... bxc5 $17 12. dxc5 Nb3 13. Qc2 Nxc5 14. b4 {[#]} Ncd7 $1 15. Be2 c5 16. O-O Rc8 {Strongly threatening ...cxb4.} 17. Qd2 Qe7 18. Rb1 (18. bxc5 $17 {was called for.} Qxc5 19. Rc1) 18... d4 $19 19. Na4 Be4 ({Better is} 19... Ne4 $19 20. Qd3 Rfd8) 20. Rbc1 $17 cxb4 21. axb4 {[#]} d3 $1 {[%cal Rd3e2][%mdl 512]} 22. Bxd3 Bxf3 23. gxf3 Rcd8 24. Rc7 (24. Rfe1 $17) 24... Nd5 $1 $19 {[%csl LRb4,LRc7]} 25. Rxa7 $2 (25. Rc4) 25... Qh4 26. Kh1 Nxf4 27. Be4 Nf6 28. Qe3 N6d5 (28... Qg5 $142 {[%csl Gf4][%cal Rg5g2]} 29. Qxf4 Qxf4) 29. Bxd5 (29. Qe1 $142 Nxb4 30. Nb2) 29... Rxd5 30. Ra5 Qg5 {[%csl Gf4][%cal Rg5g2]} 31. Rg1 {[#]} Qxg1+ $1 {[%mdl 512] Precision: White = 21%, Black = 73%.} 0-1

[Event "8th Holuj-Radzikowska Rapid 2018"]
[Site "Wroclaw"]
[Date "2018.12.10"]
[Round "3"]
[White "Skripchenko, Almira"]
[Black "Kulon, Klaudia"]
[Result "1-0"]
[WhiteElo "2408"]
[BlackElo "2333"]
[Annotator "RC"]
[PlyCount "117"]
[EventDate "2018.11.26"]
[EventType "schev"]
[EventCountry "POL"]
[SourceTitle "playchess.com"]
[Source "ChessBase"]
[SourceQuality "1"]
[WhiteTeam "World"]
[BlackTeam "Poland"]
[BlackTeamCountry "POL"]
[TimeControl "900+10"]

1. e4 {[%emt 0:00:00]} e5 {[%emt 0:00:00]} 2. Nf3 {[%emt 0:00:00]} Nc6 {[%emt 0:00:00]} 3. Nc3 {[%emt 0:00:00]} Nf6 {[%emt 0:00:00]} 4. Bb5 {[%emt 0:00:03]} Bd6 {[%emt 0:00:00]} 5. a3 {[%emt 0:00:18]} O-O {[%emt 0:00:04]} 6. d3 {[%emt 0:00:02]} h6 {[%emt 0:00:03]} 7. g4 {[%emt 0:01:51]} Nxg4 {[%emt 0:01:51]} 8. Rg1 {[%emt 0:00:01]} Nxf2 {[%emt 0:00:02]} 9. Kxf2 {[%emt 0:00:05]} Bc5+ {[%emt 0:00:01]} 10. Be3 {[%emt 0:00:18]} Nd4 {[%emt 0:00:01]} 11. b4 {[%emt 0:02:21]} Bb6 {[%emt 0:00:15]} 12. Bxd4 {[%emt 0:00:58]} Bxd4+ {[%emt 0:00:57]} 13. Nxd4 {[%emt 0:00:03]} exd4 {[%emt 0:00:02]} 14. Ne2 {[%emt 0:00:20]} Qh4+ {[%emt 0:00:06]} 15. Rg3 {[%emt 0:01:38]} f5 {[%emt 0:00:06]} 16. Bc4+ {[%emt 0:01:12]} Kh8 {[%emt 0:00:09]} 17. exf5 {[%emt 0:01:17]} d5 {[%emt 0:00:48]} 18. Bxd5 {[%emt 0:00:24]} Qxh2+ {[%emt 0:00:54]} 19. Ke1 {[%emt 0:00:10]} Bxf5 {[%emt 0:00:19]} 20. Kd2 {[%emt 0:00:28]} Rae8 {[%emt 0:00:07]} 21. Rg2 {[%emt 0:00:12]} Qe5 {[%emt 0:00:07]} 22. Be4 {[%emt 0:00:56]} Bxe4 {[%emt 0:00:04]} 23. dxe4 {[%emt 0:00:02]} Qxe4 {[%emt 0:00:05]} 24. Qg1 {[%emt 0:00:01]} Rf3 {[%emt 0:03:58]} 25. Qxd4 {[%emt 0:00:54]} Qe7 {[%emt 0:00:01]} 26. Kc1 {[%emt 0:01:34]} Rf6 {[%emt 0:03:23]} 27. Nc3 {[%emt 0:01:11]} Rd8 {[%emt 0:00:44]} 28. Qc5 {[%emt 0:01:18]} Qf7 {[%emt 0:00:20]} 29. Kb2 {[%emt 0:00:24]} Rc6 {[%emt 0:00:02]} 30. Qe5 {[%emt 0:00:05]} Re8 {[%emt 0:00:27]} 31. Qd4 {[%emt 0:00:03]} Rd6 {[%emt 0:00:57]} 32. Qf2 {[%emt 0:00:21]} Qc4 {[%emt 0:00:03]} 33. Re1 {[%emt 0:00:32]} Rxe1 {[%emt 0:00:50]} 34. Qxe1 {[%emt 0:00:01]} a5 {[%emt 0:00:01]} 35. Qe5 {[%emt 0:00:15]} Qf7 {[%emt 0:00:13]} 36. Qxa5 {[%emt 0:00:02]} Qf6 {[%emt 0:00:13]} 37. Qa8+ {[%emt 0:00:11]} Kh7 {[%emt 0:00:02]} 38. Qxb7 {[%emt 0:00:01]} Rc6 {[%emt 0:00:06]} 39. Rg3 {[%emt 0:00:06]} h5 {[%emt 0:00:08]} 40. b5 {[%emt 0:00:08]} Rc5 {[%emt 0:00:10]} 41. Qe4+ {[%emt 0:00:03]} g6 {[%emt 0:00:02]} 42. a4 {[%emt 0:00:13]} Rf5 {[%emt 0:00:13]} 43. Rd3 {[%emt 0:00:09]} h4 {[%emt 0:00:12]} 44. Kb3 {[%emt 0:00:48]} Kh6 {[%emt 0:00:12]} 45. Nd5 {[%emt 0:00:17]} Qa1 {[%emt 0:00:20]} 46. Qxh4+ {[%emt 0:00:04]} Rh5 {[%emt 0:00:18]} 47. Qf4+ {[%emt 0:00:01]} Kg7 {[%emt 0:00:07]} 48. Nc3 {[%emt 0:00:04]} Rf5 {[%emt 0:00:16]} 49. Rd7+ {[%emt 0:00:01]} Kf6 {[%emt 0:00:02]} 50. Qh4+ {[%emt 0:00:26]} g5 {[%emt 0:00:07]} 51. Qd4+ {[%emt 0:00:10]} Kg6 {[%emt 0:00:02]} 52. Rg7+ {[%emt 0:00:10]} Kh6 {[%emt 0:00:02]} 53. Rg8 {[%emt 0:00:02]} Kh5 {[%emt 0:00:08]} 54. Rh8+ {[%emt 0:00:24]} Kg6 {[%emt 0:00:01]} 55. Qd7 {[%emt 0:00:55]} Rf4 {[%emt 0:00:31]} 56. Qh7+ {[%emt 0:00:08]} Kf6 {[%emt 0:00:01]} 57. Rf8+ {[%emt 0:00:04]} Ke5 {[%emt 0:00:01]} 58. Qe7+ {[%emt 0:00:04]} Kd4 {[%emt 0:00:03]} 59. Rd8# {[%emt 0:00:03]} 1-0